| 000 | 00468nam a2200193 a 4500 | ||
|---|---|---|---|
| 001 | 2211 | ||
| 005 | 20140414131925.0 | ||
| 008 | 040721s19uu xx 00 eng d | ||
| 050 |
_aER _bW83 |
||
| 245 | _aWolf and the seven kids (The). | ||
| 260 |
_aTokyo : _bFroebel-kan. |
||
| 300 | _ap. : ill. ; cm. | ||
| 440 | _aThe World of Fairy Tales | ||
| 650 | _aFairy tales. | ||
| 650 | _aChildren stories. | ||
| 999 |
_c111961 _d111961 |
||